000 00300nam a22001337a 4500
008 170130b xxu||||| |||| 00| 0 eng d
020 _a9780078231346
041 _aeng
080 _23RD
_a61
100 _a3
101 _aSHMI
245 _aCOMPUTERS MEDICAL OFFICE
_cSANDERSON, S.M
942 _2udc
_cBK
999 _c3960
_d3960